Normal view
MARC view
- Malmstadt, H. V ,Enke, C. G
Entry Personal Name
001 - CONTROL NUMBER
- control field: 58286
003 - CONTROL NUMBER IDENTIFIER
- control field: NUST
005 - DATE AND TIME OF LATEST TRANSACTION
- control field: 20210628202111.0
008 - FIXED-LENGTH DATA ELEMENTS
- fixed length control field: 210628|| aca||aabn | a|a d
040 ## - CATALOGING SOURCE
- Original cataloging agency: NUST
- Transcribing agency: NUST
100 ## - HEADING--PERSONAL NAME
- Personal name: Malmstadt, H. V ,Enke, C. G
670 ## - SOURCE DATA FOUND
- Source citation: Work cat.: (NUST): Malmstadt, H. V ,Enke, C. G, Digital electronics for scientists , 1969
